[Event "Portugal Open 2020"]
[Site "Lisbon"]
[Date "2020.01.26"]
[Round "2.31"]
[White "Botelho, Luis Miguel Rodrigue"]
[Black "Sabuk, Piotr"]
[Result "0-1"]
[WhiteElo "1987"]
[BlackElo "2360"]
[Annotator "TA"]
[PlyCount "32"]
[EventDate "2020.01.25"]
[EventType "swiss"]
[EventCountry "POR"]
[SourceTitle "playchess.com"]
[Source "ChessBase"]
[SourceQuality "1"]

{[%evp 18,36,-58,-64,-35,-208,-216,-349,-355,-351,-348,-889,-861,-2109,-1957,-1775,-1215,-29992,-29993,-29993,-29994]} 1. e4 e5 2. Nf3 Nc6 3. d4 exd4 4. Bc4 Bc5 5. c3 Nf6 6. e5 d5 7. Bb5 Ne4 8. Nxd4 O-O 9. Bxc6 bxc6 10. O-O f6 {C54: Giuoco Piano: 4 c3 Nf6, main lines with 5 d4 and 5 d3.} 11. b4 $2 (11. Be3 $15) 11... fxe5 $19 {[#]} 12. Nxc6 $146 (12. bxc5 {is the only way for White.} exd4 13. Qxd4) ({Predecessor:} 12. bxc5 exd4 13. Qxd4 Qf6 {0-1 (13) Ulanov,A (2425)-Aleksandrov,A (2637) Izhevsk 2013}) 12... Bxf2+ {Black has a decisive advantage.} 13. Rxf2 Nxf2 {[#]} 14. Qe2 $2 (14. Qxd5+ $1 {[%mdl 512]} Qxd5 15. Ne7+ Kh8 16. Nxd5) 14... Qf6 15. Nxe5 Ba6 16. b5 {[#]} Bxb5 {Played: Ra8-e8} 0-1

[Event "Portugal Open 2020"]
[Site "Lisbon"]
[Date "2020.01.26"]
[Round "2.32"]
[White "Soham Das"]
[Black "Sismeiro, Miguel"]
[Result "1-0"]
[WhiteElo "2355"]
[BlackElo "2026"]
[Annotator "NA"]
[PlyCount "39"]
[EventDate "2020.01.25"]
[EventType "swiss"]
[EventCountry "POR"]
[SourceTitle "playchess.com"]
[Source "ChessBase"]
[SourceQuality "1"]
[TimeControl "5400+30"]

1. d4 {[%emt 0:03:50]} Nf6 {[%emt 0:03:40]} 2. Bf4 {[%emt 0:00:35]} d5 {[%emt 0:01:15]} 3. e3 {[%emt 0:00:36]} c5 {[%emt 0:00:08]} 4. c3 {[%emt 0:00:41]} e6 {[%emt 0:00:06]} 5. Nd2 {[%emt 0:00:28]} Bd6 {[%emt 0:02:12]} 6. Bg3 {[%emt 0:00:25]} Qc7 {[%emt 0:00:08]} 7. Bd3 {[%emt 0:11:02]} Nbd7 {[%emt 0:02:48]} 8. f4 {[%emt 0:03:12]} b6 {[%emt 0:21:41]} 9. Ngf3 {[%emt 0:02:13]} Bb7 {[%emt 0:04:29]} 10. Ne5 {[%emt 0:07:50]} O-O {[%emt 0:01:37]} 11. Qf3 {[%emt 0:02:24]} a5 {[%emt 0:32:01]} 12. Bh4 {[%emt 0:06:00]} Ba6 {[%emt 0:02:04]} 13. Bc2 {[%emt 0:00:17]} b5 {[%emt 0:01:56]} 14. Qh3 {[%emt 0:01:05]} g6 {[%emt 0:04:35]} 15. O-O {[%emt 0:00:50]} Bb7 {[%emt 0:05:48]} 16. Rf3 {[%emt 0:02:21]} Ne4 {[%emt 0:01:31]} 17. Nxe4 {[%emt 0:00:41]} dxe4 {[%emt 0:00:03]} 18. Nxd7 {[%emt 0:00:06]} Qxd7 {[%emt 0:00:57]} 19. Bf6 {[%emt 0:00:16]} Be7 {[%emt 0:01:02]} 20. Qxh7+ {[%emt 0:00:07]} 1-0

[Event "Portugal Open 2020"]
[Site "Lisbon"]
[Date "2020.01.26"]
[Round "2.33"]
[White "Ruiz Vinals, Matias"]
[Black "Plichta, Kamil"]
[Result "0-1"]
[WhiteElo "1964"]
[BlackElo "2353"]
[Annotator "NA"]
[PlyCount "62"]
[EventDate "2020.01.25"]
[EventType "swiss"]
[EventCountry "POR"]
[SourceTitle "playchess.com"]
[Source "ChessBase"]
[SourceQuality "1"]
[TimeControl "5400+30"]

1. Nf3 {[%emt 0:00:00]} Nf6 {[%emt 0:04:40]} 2. c4 {[%emt 0:00:00]} g6 {[%emt 0:00:09]} 3. Nc3 {[%emt 0:00:27]} Bg7 {[%emt 0:00:11]} 4. e4 {[%emt 0:00:23]} d6 {[%emt 0:00:06]} 5. d4 {[%emt 0:00:22]} O-O {[%emt 0:00:07]} 6. Be2 {[%emt 0:00:09]} e5 {[%emt 0:00:07]} 7. dxe5 {[%emt 0:00:58]} dxe5 {[%emt 0:00:07]} 8. Qxd8 {[%emt 0:00:14]} Rxd8 {[%emt 0:00:05]} 9. Bg5 {[%emt 0:00:11]} Rf8 {[%emt 0:00:07]} 10. Nd5 {[%emt 0:02:10]} Nxd5 {[%emt 0:00:06]} 11. cxd5 {[%emt 0:00:10]} c6 {[%emt 0:00:05]} 12. Bc4 {[%emt 0:01:27]} b5 {[%emt 0:00:06]} 13. Bb3 {[%emt 0:03:05]} a5 {[%emt 0:00:06]} 14. a4 {[%emt 0:02:28]} bxa4 {[%emt 0:00:05]} 15. Bxa4 {[%emt 0:04:24]} f6 {[%emt 0:00:33]} 16. Be3 {[%emt 0:01:49]} cxd5 {[%emt 0:00:07]} 17. exd5 {[%emt 0:00:12]} Bb7 {[%emt 0:04:09]} 18. O-O-O {[%emt 0:07:03]} e4 {[%emt 0:05:11]} 19. Ng1 {[%emt 0:01:23]} Na6 {[%emt 0:01:14]} 20. Ne2 {[%emt 0:05:31]} Nc5 {[%emt 0:05:53]} 21. Nc3 {[%emt 0:13:43]} Nd3+ {[%emt 0:05:55]} 22. Rxd3 {[%emt 0:10:14]} exd3 {[%emt 0:00:55]} 23. d6 {[%emt 0:00:48]} Rad8 {[%emt 0:05:22]} 24. d7 {[%emt 0:00:48]} Rf7 {[%emt 0:00:14]} 25. Kd2 {[%emt 0:11:13]} Bf8 {[%emt 0:04:04]} 26. Kxd3 {[%emt 0:00:53]} Bxg2 {[%emt 0:01:02]} 27. Ra1 {[%emt 0:00:22]} Bb4 {[%emt 0:02:24]} 28. Kc2 {[%emt 0:05:01]} Bh3 {[%emt 0:03:52]} 29. Bb3 {[%emt 0:09:49]} Bf5+ {[%emt 0:00:34]} 30. Kc1 {[%emt 0:00:20]} Rdxd7 {[%emt 0:00:32]} 31. Nd5 {[%emt 0:02:03]} Be6 {[%emt 0:00:43]} 0-1

[Event "Portugal Open 2020"]
[Site "Lisbon"]
[Date "2020.01.26"]
[Round "2.34"]
[White "Taboas Rodriguez, Daniel"]
[Black "Cordeiro, Joao Carlos Santos F"]
[Result "1-0"]
[WhiteElo "2348"]
[BlackElo "2005"]
[Annotator "NA"]
[PlyCount "103"]
[EventDate "2020.01.25"]
[EventType "swiss"]
[EventCountry "POR"]
[SourceTitle "playchess.com"]
[Source "ChessBase"]
[SourceQuality "1"]
[TimeControl "5400+30"]

1. d4 {[%emt 0:00:00]} Nf6 {[%emt 0:00:09]} 2. Nf3 {[%emt 0:00:00]} e6 {[%emt 0:00:45]} 3. c4 {[%emt 0:00:00]} d5 {[%emt 0:00:28]} 4. Bg5 {[%emt 0:00:00]} Be7 {[%emt 0:00:52]} 5. Nc3 {[%emt 0:00:00]} O-O {[%emt 0:00:36]} 6. e3 {[%emt 0:00:00]} h6 {[%emt 0:03:32]} 7. Bh4 {[%emt 0:00:04]} Ne4 {[%emt 0:02:06]} 8. Bxe7 {[%emt 0:00:13]} Qxe7 {[%emt 0:00:07]} 9. Rc1 {[%emt 0:00:04]} Nxc3 {[%emt 0:01:21]} 10. Rxc3 {[%emt 0:00:03]} c6 {[%emt 0:00:25]} 11. Bd3 {[%emt 0:00:07]} Nd7 {[%emt 0:00:42]} 12. O-O {[%emt 0:00:07]} dxc4 {[%emt 0:06:20]} 13. Bxc4 {[%emt 0:00:05]} e5 {[%emt 0:04:23]} 14. Bb3 {[%emt 0:00:08]} exd4 {[%emt 0:10:24]} 15. exd4 {[%emt 0:00:39]} Nb6 {[%emt 0:05:10]} 16. Re1 {[%emt 0:00:28]} Qf6 {[%emt 0:04:01]} 17. Ne5 {[%emt 0:00:27]} Nd5 {[%emt 0:09:38]} 18. Bxd5 {[%emt 0:10:14]} cxd5 {[%emt 0:00:05]} 19. Rf3 {[%emt 0:00:55]} Qd8 {[%emt 0:01:51]} 20. Qb3 {[%emt 0:05:22]} Be6 {[%emt 0:05:11]} 21. Rc3 {[%emt 0:05:53]} Qb6 {[%emt 0:02:10]} 22. Qxb6 {[%emt 0:01:26]} axb6 {[%emt 0:00:24]} 23. a3 {[%emt 0:00:45]} Rfc8 {[%emt 0:02:26]} 24. Rec1 {[%emt 0:00:41]} Kf8 {[%emt 0:05:55]} 25. f4 {[%emt 0:02:14]} Ke7 {[%emt 0:04:25]} 26. Kf2 {[%emt 0:00:12]} Rxc3 {[%emt 0:01:50]} 27. Rxc3 {[%emt 0:00:04]} Rc8 {[%emt 0:01:02]} 28. Rxc8 {[%emt 0:02:47]} Bxc8 {[%emt 0:00:04]} 29. Ke3 {[%emt 0:00:20]} f6 {[%emt 0:00:25]} 30. Nd3 {[%emt 0:00:20]} Kd6 {[%emt 0:00:37]} 31. Kd2 {[%emt 0:01:18]} g5 {[%emt 0:03:14]} 32. fxg5 {[%emt 0:03:52]} fxg5 {[%emt 0:00:07]} 33. Ne5 {[%emt 0:01:01]} Ke6 {[%emt 0:01:06]} 34. g4 {[%emt 0:00:14]} Kd6 {[%emt 0:10:45]} 35. Kc3 {[%emt 0:22:54]} Be6 {[%emt 0:00:20]} 36. Kb4 {[%emt 0:00:05]} Kc7 {[%emt 0:00:31]} 37. Kb5 {[%emt 0:00:06]} Bg8 {[%emt 0:01:37]} 38. a4 {[%emt 0:02:55]} Be6 {[%emt 0:00:17]} 39. b4 {[%emt 0:00:40]} Bg8 {[%emt 0:01:29]} 40. a5 {[%emt 0:00:08]} bxa5 {[%emt 0:00:15]} 41. bxa5 {[%emt 0:00:13]} Be6 {[%emt 0:00:50]} 42. Kc5 {[%emt 0:00:34]} Bg8 {[%emt 0:00:59]} 43. Nd3 {[%emt 0:06:51]} Be6 {[%emt 0:00:51]} 44. Nf2 {[%emt 0:00:09]} Bf7 {[%emt 0:01:34]} 45. Nd1 {[%emt 0:01:59]} Be6 {[%emt 0:01:11]} 46. Ne3 {[%emt 0:00:08]} Kb8 {[%emt 0:01:14]} 47. Kd6 {[%emt 0:01:58]} Bc8 {[%emt 0:00:33]} 48. h3 {[%emt 0:06:29]} Ka7 {[%emt 0:00:23]} 49. Nxd5 {[%emt 0:00:15]} Ka6 {[%emt 0:01:14]} 50. Nb6 {[%emt 0:02:30]} Bxg4 {[%emt 0:02:30]} 51. hxg4 {[%emt 0:00:26]} Kxa5 {[%emt 0:00:03]} 52. Kc5 {[%emt 0:00:36]} 1-0

[Event "Portugal Open 2020"]
[Site "Lisbon"]
[Date "2020.01.26"]
[Round "2.35"]
[White "Lekic, Dusan"]
[Black "Martins, Diogo Faria Oliveira"]
[Result "1/2-1/2"]
[WhiteElo "2343"]
[BlackElo "1998"]
[Annotator "NA"]
[PlyCount "46"]
[EventDate "2020.01.25"]
[EventType "swiss"]
[EventCountry "POR"]
[SourceTitle "playchess.com"]
[Source "ChessBase"]
[SourceQuality "1"]
[TimeControl "5400+30"]

1. Nf3 {[%emt 0:00:00]} g6 {[%emt 0:08:38]} 2. e4 {[%emt 0:00:06]} c5 {[%emt 0:00:04]} 3. d4 {[%emt 0:00:19]} cxd4 {[%emt 0:00:04]} 4. Nxd4 {[%emt 0:00:10]} Nc6 {[%emt 0:00:04]} 5. Nc3 {[%emt 0:00:59]} Bg7 {[%emt 0:00:06]} 6. Be3 {[%emt 0:00:27]} Nf6 {[%emt 0:00:06]} 7. Bc4 {[%emt 0:00:45]} Qa5 {[%emt 0:00:27]} 8. O-O {[%emt 0:00:41]} O-O {[%emt 0:00:08]} 9. Bb3 {[%emt 0:00:13]} d6 {[%emt 0:00:09]} 10. h3 {[%emt 0:00:22]} Bd7 {[%emt 0:00:08]} 11. Re1 {[%emt 0:00:48]} Rfc8 {[%emt 0:09:44]} 12. Qe2 {[%emt 0:09:33]} Nxd4 {[%emt 0:03:35]} 13. Bxd4 {[%emt 0:00:08]} Bc6 {[%emt 0:03:47]} 14. Rad1 {[%emt 0:06:15]} Nd7 {[%emt 0:05:37]} 15. Nd5 {[%emt 0:10:44]} Qd8 {[%emt 0:04:49]} 16. c3 {[%emt 0:11:01]} a5 {[%emt 0:07:56]} 17. a3 {[%emt 0:01:12]} e6 {[%emt 0:11:21]} 18. Bxg7 {[%emt 0:01:39]} Kxg7 {[%emt 0:00:39]} 19. Bc2 {[%emt 0:08:30]} Bxd5 {[%emt 0:01:05]} 20. exd5 {[%emt 0:00:09]} e5 {[%emt 0:00:13]} 21. Qd2 {[%emt 0:09:21]} a4 {[%emt 0:05:32]} 22. Re4 {[%emt 0:01:29]} Nc5 {[%emt 0:00:39]} 23. Rb4 {[%emt 0:00:08]} f5 {[%emt 0:04:32]} 1/2-1/2

[Event "Portugal Open 2020"]
[Site "Lisbon"]
[Date "2020.01.26"]
[Round "2.36"]
[White "Rocha, Sergio"]
[Black "Ruiz Bellon, Manuel"]
[Result "1-0"]
[WhiteElo "2343"]
[BlackElo "1985"]
[Annotator "NA"]
[PlyCount "69"]
[EventDate "2020.01.25"]
[EventType "swiss"]
[EventCountry "POR"]
[SourceTitle "playchess.com"]
[Source "ChessBase"]
[SourceQuality "1"]
[TimeControl "5400+30"]

1. d4 {[%emt 0:00:01]} Nf6 {[%emt 0:00:00]} 2. Nf3 {[%emt 0:00:57]} b6 {[%emt 0:00:58]} 3. c4 {[%emt 0:00:16]} e6 {[%emt 0:00:09]} 4. Nc3 {[%emt 0:00:36]} Bb4 {[%emt 0:00:10]} 5. Bg5 {[%emt 0:01:04]} h6 {[%emt 0:00:08]} 6. Bh4 {[%emt 0:00:05]} Bb7 {[%emt 0:03:30]} 7. e3 {[%emt 0:00:32]} g5 {[%emt 0:04:37]} 8. Bg3 {[%emt 0:00:31]} Ne4 {[%emt 0:00:30]} 9. Qc2 {[%emt 0:00:33]} d6 {[%emt 0:02:58]} 10. Bd3 {[%emt 0:01:36]} Bxc3+ {[%emt 0:02:20]} 11. bxc3 {[%emt 0:00:07]} Nxg3 {[%emt 0:01:21]} 12. hxg3 {[%emt 0:00:10]} Nc6 {[%emt 0:19:11]} 13. Rb1 {[%emt 0:03:53]} Qe7 {[%emt 0:01:00]} 14. Qa4 {[%emt 0:04:14]} g4 {[%emt 0:02:17]} 15. Nh2 {[%emt 0:11:44]} O-O-O {[%emt 0:00:52]} 16. Be4 {[%emt 0:00:27]} Qd7 {[%emt 0:04:12]} 17. Nxg4 {[%emt 0:01:28]} d5 {[%emt 0:07:29]} 18. Bf3 {[%emt 0:04:04]} f5 {[%emt 0:01:54]} 19. cxd5 {[%emt 0:01:24]} exd5 {[%emt 0:02:07]} 20. Nf6 {[%emt 0:00:20]} Qf7 {[%emt 0:00:20]} 21. Nh5 {[%emt 0:00:17]} Na5 {[%emt 0:01:12]} 22. Nf4 {[%emt 0:01:48]} Bc6 {[%emt 0:07:06]} 23. Qc2 {[%emt 0:05:25]} Nc4 {[%emt 0:00:55]} 24. Rb4 {[%emt 0:03:04]} Qd7 {[%emt 0:03:03]} 25. Rh5 {[%emt 0:03:46]} a5 {[%emt 0:01:07]} 26. Rb3 {[%emt 0:00:40]} a4 {[%emt 0:02:28]} 27. Rb4 {[%emt 0:00:14]} Na3 {[%emt 0:00:27]} 28. Qc1 {[%emt 0:04:22]} Nc4 {[%emt 0:00:18]} 29. Kf1 {[%emt 0:01:50]} Rhg8 {[%emt 0:02:20]} 30. Kg1 {[%emt 0:02:07]} Nd6 {[%emt 0:01:24]} 31. Nxd5 {[%emt 0:01:58]} Qf7 {[%emt 0:04:10]} 32. Ne7+ {[%emt 0:02:18]} Qxe7 {[%emt 0:03:47]} 33. Bxc6 {[%emt 0:00:09]} Nb7 {[%emt 0:00:22]} 34. Rxa4 {[%emt 0:00:26]} Na5 {[%emt 0:00:41]} 35. Rxa5 {[%emt 0:02:15]} 1-0

[Event "Portugal Open 2020"]
[Site "Lisbon"]
[Date "2020.01.26"]
[Round "2.37"]
[White "Heid, Michael"]
[Black "Bayramov, Zaur"]
[Result "0-1"]
[WhiteElo "1953"]
[BlackElo "2333"]
[Annotator "NA"]
[PlyCount "68"]
[EventDate "2020.01.25"]
[EventType "swiss"]
[EventCountry "POR"]
[SourceTitle "playchess.com"]
[Source "ChessBase"]
[SourceQuality "1"]
[TimeControl "5400+30"]

1. d4 {[%emt 0:00:00]} Nf6 {[%emt 0:00:00]} 2. Bf4 {[%emt 0:00:00]} d6 {[%emt 0:00:00]} 3. Nf3 {[%emt 0:00:10]} g6 {[%emt 0:00:15]} 4. e3 {[%emt 0:00:17]} Bg7 {[%emt 0:00:07]} 5. Bd3 O-O 6. h3 {[%emt 0:00:55]} Nc6 {[%emt 0:01:18]} 7. c3 {[%emt 0:00:20]} Re8 {[%emt 0:01:39]} 8. Bb5 {[%emt 0:02:57]} Bd7 {[%emt 0:01:10]} 9. O-O {[%emt 0:01:40]} a6 10. Ba4 b5 {[%emt 0:08:24]} 11. Bb3 {[%emt 0:01:19]} e5 12. dxe5 dxe5 {[%emt 0:07:50]} 13. Bh2 {[%emt 0:04:44]} h6 {[%emt 0:07:12]} 14. Nbd2 {[%emt 0:01:00]} e4 15. Nd4 {[%emt 0:18:37]} Ne5 {[%emt 0:13:54]} 16. Bc2 c5 {[%emt 0:01:23]} 17. N4b3 {[%emt 0:02:21]} c4 {[%emt 0:00:19]} 18. Nc5 {[%emt 0:13:21]} Nd3 {[%emt 0:00:41]} 19. Nxd7 {[%emt 0:00:30]} Qxd7 {[%emt 0:00:30]} 20. Bxd3 {[%emt 0:06:14]} exd3 {[%emt 0:02:14]} 21. Qf3 {[%emt 0:01:08]} Qd5 {[%emt 0:02:46]} 22. Qxd5 {[%emt 0:06:51]} Nxd5 {[%emt 0:00:09]} 23. a3 Nb6 {[%emt 0:04:42]} 24. h4 {[%emt 0:13:39]} Na4 {[%emt 0:01:22]} 25. Rfe1 {[%emt 0:02:57]} a5 {[%emt 0:01:54]} 26. Kf1 {[%emt 0:07:10]} Rac8 {[%emt 0:02:03]} 27. Rac1 {[%emt 0:00:30]} b4 {[%emt 0:00:50]} 28. axb4 {[%emt 0:00:52]} axb4 29. cxb4 {[%emt 0:01:16]} Nxb2 {[%emt 0:01:02]} 30. b5 {[%emt 0:05:01]} c3 {[%emt 0:00:46]} 31. b6 {[%emt 0:00:02]} cxd2 {[%emt 0:00:12]} 32. Rxc8 {[%emt 0:00:03]} Rxc8 {[%emt 0:00:08]} 33. Bc7 {[%emt 0:00:04]} d1=Q {[%emt 0:01:29]} 34. b7 {[%emt 0:00:00]} Re8 {[%emt 0:00:00]} 0-1

[Event "Portugal Open 2020"]
[Site "Lisbon"]
[Date "2020.01.26"]
[Round "2.38"]
[White "Napoli, Nicolo"]
[Black "Moretti, Filippo"]
[Result "1/2-1/2"]
[WhiteElo "2333"]
[BlackElo "1969"]
[Annotator "NA"]
[PlyCount "77"]
[EventDate "2020.01.25"]
[EventType "swiss"]
[EventCountry "POR"]
[SourceTitle "playchess.com"]
[Source "ChessBase"]
[SourceQuality "1"]
[TimeControl "5400+30"]

1. Nf3 {[%emt 0:03:54]} f5 {[%emt 0:00:08]} 2. b3 {[%emt 0:00:41]} Nf6 {[%emt 0:01:47]} 3. Bb2 {[%emt 0:00:32]} g6 {[%emt 0:00:10]} 4. Bxf6 {[%emt 0:01:42]} exf6 {[%emt 0:00:13]} 5. c4 {[%emt 0:00:04]} d5 {[%emt 0:00:58]} 6. e3 {[%emt 0:03:59]} Be6 {[%emt 0:04:44]} 7. Nc3 {[%emt 0:00:21]} c6 {[%emt 0:03:19]} 8. cxd5 {[%emt 0:03:46]} Bxd5 {[%emt 0:01:20]} 9. Nxd5 {[%emt 0:00:15]} cxd5 {[%emt 0:01:04]} 10. Nd4 {[%emt 0:03:49]} Bd6 {[%emt 0:07:16]} 11. Bb5+ {[%emt 0:02:26]} Kf7 {[%emt 0:01:37]} 12. Rc1 {[%emt 0:01:42]} a6 {[%emt 0:01:40]} 13. Bd3 {[%emt 0:04:28]} Be5 {[%emt 0:07:59]} 14. Ne2 {[%emt 0:14:46]} Nc6 {[%emt 0:03:16]} 15. O-O {[%emt 0:00:53]} Nb4 {[%emt 0:01:53]} 16. Bb1 {[%emt 0:04:56]} Bb2 {[%emt 0:06:36]} 17. Rc5 {[%emt 0:01:32]} b6 {[%emt 0:04:40]} 18. Rc2 {[%emt 0:02:05]} Nxc2 {[%emt 0:01:55]} 19. Qxc2 {[%emt 0:00:04]} Ba3 {[%emt 0:02:16]} 20. Qc6 {[%emt 0:05:18]} Re8 {[%emt 0:15:13]} 21. Nf4 {[%emt 0:05:23]} Qd6 {[%emt 0:03:14]} 22. Qxd6 {[%emt 0:03:59]} Bxd6 {[%emt 0:00:08]} 23. Nxd5 {[%emt 0:00:02]} b5 {[%emt 0:01:14]} 24. a4 {[%emt 0:03:55]} Rad8 {[%emt 0:02:11]} 25. axb5 {[%emt 0:03:00]} axb5 {[%emt 0:01:55]} 26. Nc3 {[%emt 0:00:42]} Bb4 {[%emt 0:00:51]} 27. Nxb5 {[%emt 0:01:27]} Rxd2 {[%emt 0:01:04]} 28. Nd4 {[%emt 0:01:15]} Bc5 {[%emt 0:02:05]} 29. Nf3 {[%emt 0:00:21]} Rb2 {[%emt 0:01:00]} 30. Bd3 {[%emt 0:00:53]} Ra8 {[%emt 0:01:01]} 31. h4 {[%emt 0:03:03]} Ke7 {[%emt 0:03:04]} 32. Bc4 {[%emt 0:01:44]} f4 {[%emt 0:01:51]} 33. exf4 {[%emt 0:09:48]} Rxf2 {[%emt 0:02:10]} 34. Rxf2 {[%emt 0:00:08]} Ra2 {[%emt 0:00:07]} 35. Kh2 {[%emt 0:02:05]} Rxf2 {[%emt 0:03:43]} 36. Kh3 {[%emt 0:01:21]} Rb2 {[%emt 0:02:03]} 37. Ne1 {[%emt 0:02:34]} Rb1 {[%emt 0:02:31]} 38. Nd3 {[%emt 0:00:47]} Bd6 {[%emt 0:00:23]} 39. Kg4 {[%emt 0:00:49]} 1/2-1/2

[Event "Portugal Open 2020"]
[Site "Lisbon"]
[Date "2020.01.26"]
[Round "2.39"]
[White "Esquivias Quintero, Luis Manuel"]
[Black "Roque, Armando Filipe"]
[Result "1-0"]
[WhiteElo "2318"]
[BlackElo "1960"]
[Annotator "NA"]
[PlyCount "63"]
[EventDate "2020.01.25"]
[EventType "swiss"]
[EventCountry "POR"]
[SourceTitle "playchess.com"]
[Source "ChessBase"]
[SourceQuality "1"]
[TimeControl "5400+30"]

1. e4 {[%emt 0:07:33]} e6 {[%emt 0:00:00]} 2. d4 {[%emt 0:00:05]} d5 {[%emt 0:00:00]} 3. Nd2 {[%emt 0:00:10]} Be7 {[%emt 0:00:00]} 4. Ngf3 {[%emt 0:00:05]} Nf6 {[%emt 0:00:00]} 5. e5 {[%emt 0:00:03]} Nfd7 {[%emt 0:00:00]} 6. c3 {[%emt 0:00:08]} c5 {[%emt 0:00:02]} 7. Bd3 {[%emt 0:00:02]} Nc6 {[%emt 0:00:15]} 8. O-O {[%emt 0:00:05]} g5 {[%emt 0:00:38]} 9. Qe2 {[%emt 0:00:00]} Qc7 {[%emt 0:00:54]} 10. Qe3 {[%emt 0:04:13]} h6 {[%emt 0:05:59]} 11. Ne1 {[%emt 0:18:44]} Qb6 {[%emt 0:06:44]} 12. Nc2 {[%emt 0:02:47]} h5 {[%emt 0:06:07]} 13. Kh1 {[%emt 0:08:00]} Nf8 {[%emt 0:10:52]} 14. f4 {[%emt 0:00:52]} c4 {[%emt 0:00:47]} 15. Be2 {[%emt 0:00:15]} g4 {[%emt 0:00:33]} 16. b3 {[%emt 0:01:31]} cxb3 {[%emt 0:02:10]} 17. axb3 {[%emt 0:00:22]} Bd7 {[%emt 0:01:58]} 18. c4 {[%emt 0:06:38]} O-O-O {[%emt 0:03:13]} 19. Ba3 {[%emt 0:04:52]} Bxa3 {[%emt 0:03:56]} 20. Rxa3 {[%emt 0:00:09]} a6 {[%emt 0:01:00]} 21. c5 {[%emt 0:00:39]} Qc7 {[%emt 0:01:04]} 22. Rfa1 {[%emt 0:01:46]} Nb8 {[%emt 0:03:09]} 23. b4 {[%emt 0:05:21]} Bc6 {[%emt 0:00:48]} 24. Nb3 {[%emt 0:01:44]} Qd7 {[%emt 0:00:18]} 25. Na5 {[%emt 0:02:56]} Bb5 {[%emt 0:00:21]} 26. c6 {[%emt 0:01:32]} bxc6 {[%emt 0:10:16]} 27. Nb3 {[%emt 0:04:53]} Qe7 {[%emt 0:05:40]} 28. Nc5 {[%emt 0:01:17]} Nfd7 {[%emt 0:02:01]} 29. Nxa6 {[%emt 0:06:24]} Nb6 {[%emt 0:07:09]} 30. Bxb5 {[%emt 0:01:13]} cxb5 {[%emt 0:00:14]} 31. Qc3+ {[%emt 0:01:01]} Kb7 {[%emt 0:04:19]} 32. Nc5+ {[%emt 0:00:58]} 1-0

[Event "Portugal Open 2020"]
[Site "Lisbon"]
[Date "2020.01.26"]
[Round "2.40"]
[White "Jorge, Rita Maria Osorio"]
[Black "Veiga, Jose Francisco R P N"]
[Result "0-1"]
[WhiteElo "1932"]
[BlackElo "2312"]
[Annotator "NA"]
[PlyCount "70"]
[EventDate "2020.01.25"]
[EventType "swiss"]
[EventCountry "POR"]
[SourceTitle "playchess.com"]
[Source "ChessBase"]
[SourceQuality "1"]
[TimeControl "5400+30"]

1. e4 {[%emt 0:03:02]} e5 {[%emt 0:00:00]} 2. Nf3 {[%emt 0:00:37]} Nc6 {[%emt 0:00:00]} 3. Bc4 {[%emt 0:00:22]} Bc5 {[%emt 0:00:06]} 4. c3 {[%emt 0:00:19]} Nf6 {[%emt 0:00:06]} 5. d3 {[%emt 0:00:06]} O-O {[%emt 0:00:26]} 6. Bg5 {[%emt 0:00:35]} h6 {[%emt 0:00:34]} 7. Bh4 {[%emt 0:00:08]} Be7 {[%emt 0:00:13]} 8. Nbd2 {[%emt 0:01:03]} d6 {[%emt 0:03:10]} 9. a4 {[%emt 0:01:55]} Nh5 {[%emt 0:06:22]} 10. g3 {[%emt 0:00:42]} Nf6 {[%emt 0:14:06]} 11. Bxf6 {[%emt 0:00:59]} Bxf6 {[%emt 0:00:14]} 12. h4 {[%emt 0:01:09]} Bg4 {[%emt 0:02:38]} 13. Nf1 {[%emt 0:08:01]} Ne7 {[%emt 0:19:58]} 14. Ne3 {[%emt 0:05:33]} Bc8 {[%emt 0:01:32]} 15. Nh2 {[%emt 0:03:05]} g6 {[%emt 0:05:34]} 16. Nhg4 {[%emt 0:04:03]} Bg7 {[%emt 0:00:14]} 17. Qf3 {[%emt 0:00:59]} c6 {[%emt 0:04:27]} 18. O-O {[%emt 0:18:50]} Kh8 {[%emt 0:02:31]} 19. Nf6 {[%emt 0:16:51]} Nf5 {[%emt 0:04:48]} 20. Nfg4 {[%emt 0:02:57]} Ne7 {[%emt 0:00:18]} 21. Nf6 {[%emt 0:00:22]} Nf5 {[%emt 0:05:40]} 22. Nfg4 {[%emt 0:00:26]} Nxe3 {[%emt 0:00:12]} 23. Nxe3 {[%emt 0:02:13]} f5 {[%emt 0:00:29]} 24. Qd1 {[%emt 0:02:41]} f4 {[%emt 0:02:58]} 25. Ng2 {[%emt 0:00:44]} Bh3 {[%emt 0:04:16]} 26. Qf3 {[%emt 0:06:26]} Qd7 {[%emt 0:05:14]} 27. gxf4 {[%emt 0:04:02]} Bxg2 {[%emt 0:00:15]} 28. Qxg2 {[%emt 0:00:15]} Rxf4 {[%emt 0:00:06]} 29. f3 {[%emt 0:00:11]} d5 {[%emt 0:01:00]} 30. Bb3 {[%emt 0:00:37]} Bf6 {[%emt 0:01:02]} 31. Kf2 {[%emt 0:02:11]} Bxh4+ {[%emt 0:01:49]} 32. Ke2 {[%emt 0:00:07]} Bg5 {[%emt 0:00:29]} 33. Rh1 {[%emt 0:00:51]} dxe4 {[%emt 0:04:40]} 34. fxe4 {[%emt 0:10:34]} Rg4 {[%emt 0:00:13]} 35. Qh3 {[%emt 0:00:37]} Rxe4+ {[%emt 0:00:19]} 0-1